1107 1351 1951 1378 1260 1988 1886 1446 1466 1870 1216 1670 1927 1557 1646 1237 1651 1751 1881 1745 1248 1706 1820 1480 1985 1823 1768 1130 1168 1049 1741 1567 1875 1994 1446 1896 1469 1829 1754 1575 1659 1941 1891 1121 1758 1873 1457 1891 1757 1086 1621 1898 1584 1379 1035 1076 1351 1120 1087 1300 1412 1343 1612 1201 1117 1572 1270 1829 1196 1192 1161 1927 1285 1754 1289 1217 1227 1571 1795 1209 1059 1651 1251 1184 1687 1680 1645 1361 1653 1303 1169 1643 1081 1237 1986 1790 1226 1375 1920 BCNSPRNW ULIB Ver.6.0+V

เปลี่ยนเป็นภาษาไทย

Change to English
 แสดงรายละเอียดบรรณานุกรม
  กลับหน้าหลัก

Brief Record : Get Marc (ISO 2709) : E-mail record : QR code < ปิดหน้าต่าง
LEADER : 00000nam 2200000uu 4500
001    13399109376
003     ULIB
008    110331s2551||||th 000 0 tha d
020    9789749965474
050  4 BF637.S8^bบ783ห 2551
100 0  แบลด, แกรี่
245 00 หาโอกาสในวิกฤต= The ring in the rubble^cเขียนโดย Bradt Gary, แปลโดย สุธรรม ธรรมรงค์วิทย์
260    กรุงเทพฯ :^bMcGraw Hill,^c2551
300    189 หน้า
650  7 จิตวิทยาประยุกต์
650  7 ความสำเร็จ
650  7 โอกาส
700 0  สุธรรม ธรรมรงค์วิทย์, ผุ้แปล
945    ^p199^l0^i18127
995    เกษร
999 ^a ใช้งานได้ทุกระบบ
รายการนี้ยังไม่มีแท็ก
คุณยังไม่ได้ล็อกอิน คุณสามารถมีกิจกรรมร่วมกับเว็บไซต์ได้ แต่ต้องล็อกอินก่อน ::
  ล็อกอิน

รายการสื่อสารสนเทศ

ลำดับที่ ประเภท เลขเรียก/บาร์โค้ด สถานที่ สถานะ
1. วิทยาศาสตร์การแพทย์ และสุขภาพ
วิทยาศาสตร์การแพทย์ และสุขภาพ
BF637.S8 บ783ห 2551  
  Barcode: 18127
ห้องสมุดวิทยาเขตสวรรค์ประชารักษ์
►หนังสือทั่วไป
บนชั้น

รายการใกล้เคียง
    หัวเรื่อง [จิตวิทยาประยุกต์]
    หัวเรื่อง [ความสำเร็จ]
    หัวเรื่อง [โอกาส]

BibComment


ยังไม่เคยถูกคอมเมนท์

คอมเมนท์ทรัพยากรรายการนี้
  คอมเมนท์: หาโอกาสในวิกฤต Th..


 Copyright 2026. Bcnsprnw @Library